New Tools, Methods, Procedures in Control (-ling)

Analýza nových nástrojov, metód a postupov v kontrolingu na základe dotaznikového prieskumu v 331 spoločnostiach na Slovensku. Porovnanie výsledkov na základe viacerých charakteristík, napríklad veľkosť podniku, počet zamestnancov, ekonomické výsledky, organizačná štruktúra.

Enregistré dans:
Détails bibliographiques
Auteur principal: Mišún, Juraj, 1978-
Autres auteurs: Mišúnová Hudáková, Ivana, 1976-
Format: Chapitre de livre
Langue:anglais
Sujets:
Tags: Ajouter un tag
Pas de tags, Soyez le premier à ajouter un tag!

MARC

LEADER 00000naa a2200000 4500
001 0256977
005 20240502083730.5
041 0 |a eng 
044 |a TR 
245 1 0 |a New Tools, Methods, Procedures in Control (-ling)  |c Juraj Misun, Ivana Misunova Hudakova 
520 |a Analýza nových nástrojov, metód a postupov v kontrolingu na základe dotaznikového prieskumu v 331 spoločnostiach na Slovensku. Porovnanie výsledkov na základe viacerých charakteristík, napríklad veľkosť podniku, počet zamestnancov, ekonomické výsledky, organizačná štruktúra. 
610 2 0 |a kontroling 
610 2 0 |a manažment 
610 2 0 |a firmy 
610 2 0 |a Slovensko 
610 2 0 |a riadenie podnikové 
610 2 0 |a výkony podnikové 
100 1 |a Mišún, Juraj, 1978- 
700 1 |a Mišúnová Hudáková, Ivana, 1976-